Statistics for Pokemon Tile Quiz

Click here to take the quiz!

General Stats

  • This quiz has been taken 26 times
  • The average score is 63 of 80

Answer Stats

QuestionTileSelect% Correct
single typed PokemonPikachuYes
100%
Pokemon Ash Ketchum has owned in the animeClefairyNo
96%
single typed PokemonDittoYes
96%
single typed PokemonDuraludonNo
96%
single typed PokemonElekidYes
96%
Pokemon Ash Ketchum has owned in the animeFroslassNo
96%
Pokemon Ash Ketchum has owned in the animeLotadNo
96%
single typed PokemonScizorNo
96%
Fairy type movesBubbleNo
91%
Fairy type movesDisableNo
91%
Fairy type movesEmberNo
91%
Pokemon types NOT used by Gym Leaders in KantoFireNo
91%
single typed PokemonGligarNo
91%
single typed PokemonHeracrossNo
91%
single typed PokemonLandorusNo
91%
Pokemon Ash Ketchum has owned in the animeLedybaNo
91%
Pokemon Ash Ketchum has owned in the animeMagnetonNo
91%
Pokemon types NOT used by Gym Leaders in KantoRockNo
91%
single typed PokemonShaymin Sky FormNo
91%
Pokemon Ash Ketchum has owned in the animeSnoverNo
91%
Fairy type movesSolarbeamNo
91%
Fairy type movesTackleNo
91%
Pokemon types NOT used by Gym Leaders in KantoWaterNo
91%
single typed PokemonAlolan DugtrioNo
87%
Fairy type movesFacadeNo
87%
single typed PokemonGastlyNo
87%
Pokemon types NOT used by Gym Leaders in KantoGroundNo
87%
Pokemon types NOT used by Gym Leaders in KantoIceYes
87%
Pokemon Ash Ketchum has owned in the animeLucarioYes
87%
Pokemon Ash Ketchum has owned in the animePigniteYes
87%
single typed PokemonRotomNo
87%
single typed PokemonSylveonYes
87%
Fairy type movesCharmYes
83%
Pokemon types NOT used by Gym Leaders in KantoGrassNo
83%
single typed PokemonOddishNo
83%
Pokemon types NOT used by Gym Leaders in KantoPoisonNo
83%
Pokemon types NOT used by Gym Leaders in KantoPsychicNo
83%
Pokemon Ash Ketchum has owned in the animeAmbipomNo
78%
Fairy type movesBaby-Doll EyesYes
78%
Pokemon types NOT used by Gym Leaders in KantoBugYes
78%
Pokemon types NOT used by Gym Leaders in KantoDarkYes
78%
Starters from Pokemon Mystery DungeonDiglettNo
78%
Pokemon types NOT used by Gym Leaders in KantoDragonYes
78%
Pokemon Ash Ketchum has owned in the animeGibleYes
78%
Pokemon Ash Ketchum has owned in the animeMeltanYes
78%
Starters from Pokemon Mystery DungeonMewNo
78%
Pokemon Ash Ketchum has owned in the animeMukYes
78%
Pokemon Ash Ketchum has owned in the animeSnorlaxYes
78%
Fairy type movesSparkly SwirlYes
78%
Pokemon Ash Ketchum has owned in the animeTorchicNo
78%
Pokemon Ash Ketchum has owned in the animeDragoniteYes
74%
Pokemon types NOT used by Gym Leaders in KantoFairyYes
74%
Pokemon types NOT used by Gym Leaders in KantoFlyingYes
74%
Pokemon Ash Ketchum has owned in the animeGengarYes
74%
Pokemon types NOT used by Gym Leaders in KantoGhostYes
74%
Starters from Pokemon Mystery DungeonGrowlitheNo
74%
Fairy type movesHeal BellNo
74%
Starters from Pokemon Mystery DungeonMagnemiteNo
74%
Fairy type movesMoonlightYes
74%
Pokemon types NOT used by Gym Leaders in KantoNormalYes
74%
Starters from Pokemon Mystery DungeonBulbasaurYes
70%
Starters from Pokemon Mystery DungeonCharmanderYes
70%
Starters from Pokemon Mystery DungeonEeveeYes
70%
Starters from Pokemon Mystery DungeonPichuNo
70%
Starters from Pokemon Mystery DungeonPikachuYes
70%
single typed PokemonRioluYes
70%
Starters from Pokemon Mystery DungeonSquirtleYes
70%
Fairy type movesSweet KissYes
70%
Pokemon types NOT used by Gym Leaders in KantoFightingYes
65%
Starters from Pokemon Mystery DungeonTorchicYes
65%
Starters from Pokemon Mystery DungeonMeowthYes
61%
single typed PokemonMega AggronYes
57%
Starters from Pokemon Mystery DungeonSkittyYes
57%
Starters from Pokemon Mystery DungeonCuboneYes
52%
Fairy type movesFlower ShieldYes
52%
Fairy type movesLight of RuinYes
52%
Starters from Pokemon Mystery DungeonPhanpyNo
52%
Starters from Pokemon Mystery DungeonPsyduckYes
35%
Fairy type movesG-Max CuddleNo
30%
Fairy type movesG-Max SmiteYes
30%

Score Distribution

Percentile by Number Answered

Percent of People with Each Score

Your Score History

You have not taken this quiz